00353 a2200109 4500001001000000005001700010008004100027245006400068100002800132773006600160999001700226ART_1918620260410161921.0260409a 10aConvenios de correspondencia gremial en materia previsional1 aCapon Filas, Rodolfo E.0 tLa informacióng- Tomo XXXIX, Nº 592 (abr. 1979)wREV14902 c27694d27694